000 01152cam a22003257a 4500
003 CHAP
005 20220329135120.0
008 971013s1978 r 00010 d
010 _a31151
011 _a32123
035 _a36236
040 _cCHAP
082 _a636.089692
_bL6
100 0 0 _aLopera, Jorge.
_968496
245 0 _aAnálisis económico de alternativas para erradicación de fiebre aftosa en la región de Uraba, Colombia
260 _aBogotá :
_bInstituto Colombiano Agropecuario,
_c1978
300 _a78 p.
490 0 _aInstituto Colombiano Agropecuario. Documento de trabajo
590 _aBATCH-UPD
_b10
_c20130110
_lUCH01
_h1605
590 _aBATCH-UPD
_b10
_c20130410
_lUCH01
_h1001
590 _aBATCH-UPD
_b10
_c20130914
_lUCH01
_h1406
590 _aCONVERSION
_b10
_c20130109
_lUCH01
_h1318
650 1 4 _aFiebre aftosa.
_940737
650 1 4 _aFiebre aftosa
_xVacuna.
_940739
650 1 4 _aGanadería
_xAspectos económicos.
_944616
830 0 _aInstituto Colombiano Agropecuario. Documento de trabajo
_959086
901 _aBK
942 _cLIBRO
949 _a636.089692 L6
_bBC
_cLIBRO
_d33724000277117
_eLIBRO
_h45050
_i36236
_mD
_si
999 _c31151
_d31151